[Event "Berkeley East Bay CC"]
[Site "Berkeley"]
[Date "2005.04.02"]
[Round "5"]
[White "Sharavdorj, Dashzeveg"]
[Black "Atalik, Suat"]
[Result "0-1"]
[WhiteElo "2453"]
[BlackElo "2560"]
[Annotator "Atalik,S"]
[PlyCount "72"]
[EventDate "2005.03.29"]
[EventType "tourn"]
[EventRounds "10"]
[EventCountry "USA"]
[EventCategory "9"]
[SourceTitle "CBM 107"]
[Source "ChessBase"]
[SourceDate "2005.08.01"]
[SourceVersion "1"]
[SourceVersionDate "2005.08.01"]
[SourceQuality "1"]

1. d4 Nf6 2. c4 e6 {Enough with the Slave Defence, let us try something
different.} 3. Nf3 d5 4. Nc3 c5 {I had the feeling that it was time to
resurrect Semi-Tarrasch, an opening with which I was familiar from mid 80's.}
5. cxd5 Nxd5 6. e4 {Dashzheveg goes for the main line.} Nxc3 7. bxc3 cxd4 8.
cxd4 Bb4+ 9. Bd2 Bxd2+ 10. Qxd2 O-O 11. Bc4 Nc6 12. O-O b6 13. Rad1 $1 {
Dashzeveg who is an hard worker puts the right rook on d1.} Na5 $1 {d5 thrust
should not be allowed that easily.} 14. Bd3 Bb7 15. d5 $2 {Sharavdorj could
not hold his horses and flied at me at once. In the post-mortem he was trying
to explain that he new about Polugaevsky's game with Tal and could not
understand why things went wrong for him in our current encounter.} exd5 16. e5
Nc4 {I wanted to rush with this move} ({since after} 16... Qe7 17. Rfe1 Nc4 {
now he can go to the other square.} 18. Qe2 $44) (16... d4 $2 17. Nxd4 Qd5 18.
Qg5 f6 (18... Rae8 19. Rfe1 f6 20. Qg4 $18) 19. Qg4 Qxe5 20. Nf5 g6 21. Rfe1
$18) 17. Qf4 Qe7 $5 {I could say that there ain't no checkmate with the
immediate jump.} (17... Nb2 $1 {is possible in this position but looked risky
to me during the game.} 18. Bxh7+ Kxh7 19. Ng5+ Kg6 (19... Kh6 $4 20. Qh4+ Kg6
21. Qh7+ Kxg5 22. f4+ Kg4 23. Qh3#) (19... Kg8 $2 20. Qh4 Re8 21. Qh7+ Kf8 22.
Qh8+ Ke7 23. Qxg7 Rf8 24. Rd4 Nc4 25. e6 Qc7 26. Re1 $40) 20. h4 Qe7 $1 21.
Rde1 (21. Rd4 f5 (21... Nc4 22. h5+ Kh6 23. Ne6+ Kh7 24. Ng5+ Kg8 25. Qf5 g6
26. hxg6 f6 (26... fxg6 $2 27. Qxg6+ Qg7 28. Qe6+ Rf7 29. Nxf7 Qxf7 30. Rg4+
Kf8 31. Qh6+ Ke8 32. Rg7 $18) 27. Nf7 Nxe5 28. Nh6+ Kg7 29. Qh5 f5 30. Nxf5+
Rxf5 31. Qxf5 Qf6 $19) (21... Rh8 22. g4 Raf8 23. Rc1 f5 24. h5+ Kh6 25. Nf7+
Kh7 26. Nxh8 Kxh8 27. gxf5 Nc4 $17) (21... Rae8 22. h5+ Kh6 23. Nxf7+ Kh7 24.
e6 Rxf7 25. exf7 Rf8 26. Qf5+ Kh8 27. Rf4 Nc4 28. h6 gxh6 $19) 22. h5+ Kh6 23.
Ne6+ Kh7 24. Nxf8+ Rxf8 $19) (21. Rd2 $2 Nc4) (21. g4 f5 22. exf6 Qxf6 23. Qc1
Rae8 24. f4 (24. Qb1+ Re4 $19) 24... Kh6 $1 25. f5 Rc8 26. Qf4 Qe7 $19) (21.
h5+ Kh6 22. Nxf7+ Kh7 23. Qf5+ Kg8 24. e6 Rxf7 (24... Nxd1 $2 25. h6 Rxf7 26.
exf7+ Kh8 27. Qg6 Qf6 28. hxg7+ Qxg7 29. Qh5+ Qh7 30. Qe5+ Qg7 $11) 25. exf7+
Qxf7 26. Qxf7+ Kxf7 $19) 21... Nc4 $1 (21... f5 $2 22. exf6 Qxf6 23. Qg4 Bc8
24. Ne6+ Kh6 25. Qg5+ Qxg5 26. hxg5+ Kg6 27. Nxf8+ Kf7 28. Re2 Nc4 29. Rfe1
Kxf8 30. Re8+ Kf7 31. Rd8 b5 32. Rxd5 $40) (21... Ba6 $2 22. Re3 Bxf1 23. Rg3
Rg8 24. h5+ Kh6 25. Nxf7+ Kh7 26. Qf5+ g6 27. Qf4 $18) (21... Rac8 $2 22. Re3 (
22. g4 f5 23. exf6 Qxf6 24. h5+ Kh6 25. Nf7+ Kh7 $19) 22... Rc4 23. h5+ Kh6 24.
Ne4+ Kh7 25. Qf5+ Kh8 26. Ng5 $18) (21... Rh8 $2 22. Re3 $1 (22. g4 $2 Raf8 23.
Qf5+ Kh6 24. e6 g6 25. Nxf7+ Kh7 26. Qf4 Kg8 27. h5 Nc4 $132) 22... Rh5 23. Rg3
Rxg5 24. Rxg5+ (24. hxg5 Nc4 $19) 24... Kh7 25. Qg4 Qf8 26. e6 Re8 27. Re1 (27.
exf7 Qxf7 28. Rxg7+ Qxg7 29. Qh5+ Qh6 30. Qxe8 Bc6 31. Qe7+ $13) 27... g6) 22.
h5+ Kh6 23. Ne6+ (23. Nxf7+ Kh7 24. e6 Qf6 $19) 23... Kh7 24. Qf5+ Kg8 25. Ng5
g6 26. hxg6 f6 27. g7 fxg5 28. gxf8=Q+ Rxf8 29. Qg6+ Qg7 30. Qe6+ Qf7 31. Qh6
Qf5 32. e6 Re8 33. e7 Kf7 $19) 18. Ng5 $2 {A very bad jump.} (18. Rfe1 $2 Nb2
$1 {Now this move is very strong with the rook hit as well.} 19. Rd2 (19. Bxh7+
Kxh7 20. Ng5+ Kg6 21. Re3 (21. h4 Nxd1 22. h5+ (22. g4 f5 23. h5+ Kh6 24. Ne6+
Kh7 25. Nxf8+ Rxf8 $19) 22... Kh6 23. Ne6+ Kh7 24. Qf5+ g6 25. Ng5+ Kh6 $19)
21... Qxg5 22. Rg3 Qxg3 23. Qxg3+ Kh7 24. Rd4 Rac8 25. h3 Rc4 $19) 19... Nxd3
20. Rxd3 Rac8 21. Nd4 Rc4 22. Rg3 Bc8 $1 $17 {Doettling-Jussupow,French League
2004.}) 18... h6 $1 {When he played his move I have immediately calculated
till the rook ending, but I was not so sure if it was winning, so I had to go
back and analyse the other defence.} ({But} 18... g6 {would have given him
some play.} 19. Rde1 (19. Qh4 h5) 19... f6 20. exf6 Qxf6 21. Qxf6 Rxf6 22. Nxh7
Kxh7 23. Re7+ Kh6 24. Rxb7 $13) 19. Nh7 Qxe5 $1 {Only move to keep the game
going but I have calculated this.} (19... Rfe8 $2 20. Nf6+ gxf6 21. Qxh6 f5 22.
Bxf5 f6 23. exf6 Qf7 24. Rd3 $18 {just simply wins.}) (19... Rfc8 $6 20. Nf6+
Kf8 21. Nh7+ Kg8 $11 (21... Ke8 $2 22. Qg4 $40)) 20. Qf3 $2 {And now
frustrated with the outcome of the opening the Mongolian GM simply gives the
fight up!} ({He had to go to the endgame with} 20. Qxe5 $8 Nxe5 21. Nxf8 Nxd3 (
21... Kxf8 22. Rfe1 Nd7 $15) 22. Rxd3 $8 (22. Ng6 $6 fxg6 23. Rxd3 Ba6 24. Rxd5
Bxf1 25. Kxf1 Rc8 $17) (22. Nd7 $2 Ba6 $19) 22... Ba6 23. Rxd5 Bxf1 24. Kxf1
Kxf8 25. Rd7 $8 b5 (25... a6 $6 26. a4 $1 {Otherwise it is a transposition to
the main line.} Re8 27. Ra7 a5 28. Rb7 Re6 29. f3 g5 30. g4 $15) 26. Rb7 a6 27.
g4 $1 (27. Rb6 Ke7 $1 (27... Ra7 $2 28. Ke2 Ke7 (28... Re7+ $2 29. Kd3 Re6 30.
Rxe6 fxe6 31. Kd4 $11 {Black can not win the resulting pawn endgame.}) 29. Ke3
$1 Kd8 (29... Kd7 $2 30. Kd4 Kc7 31. Kc5 $11) 30. Kd4 Rd7+ 31. Kc3 Rd1 (31...
Re7 32. Rxa6 Re2 33. Rd6+ Kc7 34. Rd2 $11) 32. Rxa6 Rg1 33. Ra7 Ke8 34. g3 Rg2
35. Kb4 Rxh2 36. Kxb5 Rxf2 37. a4 Rg2 38. a5 Rxg3 39. a6 $11) 28. Ke2 Kd7 29.
Rb7+ Ke6 30. Rb6+ Kd5 31. Rb7 Kc4 32. Rxf7 Kc3 $19) 27... Re8 28. Ra7 Re6 29.
Kg2 Rc6 $3 {making him to push a3 which may be very important.} 30. h4 g5 31.
hxg5 hxg5 32. a3 Kg7 33. f3 Kf6 34. Kg3 Ke6 $19) 20... Rfe8 $1 {trying to nip
white's counterplay from its bud.} (20... Rfc8 $6 21. Rfe1 Qd6 22. Qf5 g6 23.
Nf6+ Kg7 24. Nh5+ Kf8 25. Qg4 d4 26. Ng3 $132) 21. Bxc4 dxc4 22. Qxb7 {Now
black can capture Nh7 the way he wants to.} Qe4 {I did not mind about double
pawns and I wanted to push my c pawn as quick as possible.} (22... f5 23. Qa6
$1 $132) (22... Qe6 $142 $1 23. Rd7 a6 24. h3 Rac8 $19) (22... Kxh7 23. Qxf7
Qe6 24. Qb7 $132) 23. Nf6+ $1 {At least by this white also gives black a
weakness.} (23. Qc7 Kxh7 24. Qxf7 Re7 $19) 23... gxf6 24. Qc7 b5 $5 (24... Re5
25. Rd7 Rg5 26. g3 Rc5 27. Qd6 Kg7 $19) 25. Rd7 Qe6 $1 (25... Qe5 $6 26. Qb7 $1
{really annoyed me.} (26. Rxf7 $2 Qxc7 27. Rxc7 Rac8 $19)) 26. h3 Rec8 27. Qg3+
Kh8 $1 (27... Kh7 $2 28. Rfd1 c3 29. R1d6 {and my king is pinned.}) 28. Rfd1 (
28. Rd4 Qe5 $19) (28. Rb7 Qd5 $1 $19 {is an even better square.} (28... Qc6 $6
29. Rxf7 Rg8 30. Qh2)) 28... c3 29. R1d6 Qe5 $1 (29... Qe1+ $2 30. Kh2 Rg8 (
30... c2 $2 31. Qh4) 31. Qf4 Qe5 32. Rxf6 Qxf4+ 33. Rxf4 $132) (29... Qxd7 $2
30. Rxd7 c2 31. Rc7) 30. f4 (30. Qh4 Qg5 $1 $19 (30... c2 $2 31. Qxh6+ Kg8 32.
Qc1)) 30... Qxd6 $1 {Everything got processed with a Swiss clock's precision.}
31. Rxd6 c2 32. Rxf6 $2 {This loses easily.} ({The only thing which bothered
me while he was still thinking for his move was} 32. Qh4 $142 c1=Q+ 33. Kh2 Kg8
$1 {I have to force him to take on f6 with the queen.} (33... Rc2 $4 34. Qxh6+
Kg8 35. Qxf6 Rc5 36. Rd3 $18) 34. Qxf6 Qe3 $1 (34... Rc5 $2 35. Rd3 $40) 35.
Qxh6 (35. Qh4 Rc1 36. Rxh6 Qg1+ 37. Kg3 Rc3+ 38. Kg4 Qxg2+ $19) 35... Rc5 $1 (
35... Rc4 $2 36. Qg5+ $11) 36. Qh4 Rac8 37. Rh6 {Now it is enough to set the
queen on the diagonal.} Qd4 $1 $19 ({or} 37... Qc3 $1 $19)) 32... c1=Q+ 33. Kh2
Rc6 34. Rxf7 {After this I was in between two moves.} Qc3 {looked simpler than
the other alternative.} (34... Rg8 35. Qd3 Rxg2+ (35... Rcg6 36. Qd4+ R8g7 37.
Rxg7 Rxg7 38. Qd8+ Kh7 39. Qd3+) 36. Kxg2 Rc2+ (36... Qb2+ 37. Kf3 Rc3 $19) 37.
Kf3 Rc3 $19) 35. Qh4 Rg8 $19 36. Rc7 $5 Rxc7 (36... Qb2 $142 $1 $19 {would
have been cooler than what I have chosen.}) (36... Rxc7 37. Qxh6+ Rh7 $19 {
and since the a1-h8 diagonal is controlled my queen there is no draw!}) 0-1

[Event "Mumbai Wealth op 3rd"]
[Site "Mumbai"]
[Date "2018.01.03"]
[Round "5"]
[White "Erigaisi, Arjun"]
[Black "Atalik, Suat"]
[Result "1/2-1/2"]
[WhiteElo "2359"]
[BlackElo "2545"]
[Annotator "Atalik,S"]
[PlyCount "80"]
[EventDate "2017.12.30"]
[EventType "swiss"]
[EventRounds "9"]
[EventCountry "IND"]
[SourceTitle "CBM 183"]
[Source "ChessBase"]
[SourceDate "2018.03.14"]
[SourceVersion "1"]
[SourceVersionDate "2018.03.14"]
[SourceQuality "1"]

1. Nf3 Nf6 2. c4 c5 3. g3 (3. Nc3 Nc6 4. g3 e6 (4... d5 5. d4) 5. d4 d5 {
is a more common way to reach the game continuation.}) 3... Nc6 4. Nc3 (4. Bg2
d5 5. cxd5 (5. d4 dxc4) 5... Nxd5 6. O-O (6. Nc3 e6) 6... e5 7. Nc3 Be6 {
brings a Reversed Maroczy Bind.}) 4... d5 5. d4 e6 6. cxd5 Nxd5 {Semi-Tarrasch.
} 7. Bg2 cxd4 $1 8. Nxd4 Nxc3 9. bxc3 Nxd4 10. Qxd4 (10. cxd4 $5 Bb4+ 11. Kf1
O-O 12. Rb1 Bd6 13. h4 Rb8) 10... Qxd4 11. cxd4 Bd6 $1 {Much better} ({than} 
11... Bb4+ 12. Bd2 Bxd2+ 13. Kxd2 $14) 12. e4 (12. Bf4 Bxf4 13. gxf4 Rb8 14.
Kd2 b6 15. Rhc1 Kd8 {Rubinstein-Tartakower, Karlsbad 1929 is the earliest
example of this very tabiya.}) (12. a4 Rb8 13. a5 Bd7 14. Be3 a6 $132) 12...
Rb8 {Preparing to push b5.} (12... b6 13. e5 Bb4+ 14. Bd2 Bxd2+ 15. Kxd2 Rb8
16. Rhc1 Kd8 17. Rc3 Bb7 18. Bxb7 Rxb7 19. Rac1 Kd7 $14) (12... e5 $5) 13. e5
Be7 14. Bf4 $146 (14. Be3 b5 (14... b6 15. Rc1 Bb7 16. Bxb7 Rxb7 17. Rc8+ Bd8
18. Ke2 Kd7 19. Rhc1 Re8 20. Kd3 Bc7 21. Rxe8 Kxe8 22. Ke4 f5+ $140 23. exf6
gxf6 24. d5 f5+ 25. Kd3 exd5 26. Kd4 $16) 15. Rc1 Bb7 16. Bxb7 Rxb7 17. Rc8+
Bd8 18. Ke2 O-O 19. Rhc1 Bb6 $132) (14. d5 exd5 15. Bxd5 O-O $5) 14... b5 15.
Rc1 Bb7 16. O-O Bxg2 (16... Kd7 17. d5 Bxd5 18. Bxd5 exd5 19. e6+ fxe6 20. Rc7+
$1 (20. Bxb8 $2 Rxb8) 20... Ke8 {may still be OK but looks annoying over the
board.}) 17. Kxg2 Rb7 (17... Kd7 $5 18. d5 Rhc8 $1 19. d6 Bd8 20. Be3 f6 21. f4
Rc4 {looks unnecessarily risky.}) 18. d5 $1 exd5 19. Rfd1 O-O 20. Rxd5 $11 {
Both sides have to be careful. White has the space, Black has the queenside
majority.} Ra8 (20... a5 21. Rb1 Rfb8 22. Be3 a4 23. Bc5 $11) 21. Rb1 (21. Bd2
$142) 21... a6 $1 (21... b4 22. Ra5) 22. Be3 b4 23. Ra5 Rb5 (23... Bd8 {
may be more critical.} 24. Rd5 a5 25. Bc5 Rb5 26. Rbd1 Bc7 27. Be7 {and Black
can not push his pawns further.}) 24. Rxb5 axb5 25. Rb2 f6 $1 26. e6 (26. exf6
gxf6 {a2 is a liability for White}) 26... Ra6 27. Bd2 Rxe6 28. Bxb4 Bxb4 29.
Rxb4 Re5 30. a4 bxa4 31. Rxa4 $11 h5 32. h4 Kf7 33. Ra7+ Kg6 34. Rb7 Re4 35.
Kf3 Ra4 36. Rc7 Ra3+ 37. Kg2 Rd3 38. Ra7 f5 39. Ra6+ Kf7 40. Ra7+ Kf6 1/2-1/2

[Event "Hoogovens-B"]
[Site "Wijk aan Zee"]
[Date "1997.01.23"]
[Round "3"]
[White "Kalinin, Alexander"]
[Black "Atalik, Suat"]
[Result "1/2-1/2"]
[WhiteElo "2425"]
[BlackElo "2555"]
[Annotator "Atalik,S"]
[PlyCount "78"]
[EventDate "1997.01.21"]
[EventType "tourn"]
[EventRounds "11"]
[EventCountry "NED"]
[EventCategory "10"]
[SourceTitle "CBM 057"]
[Source "ChessBase"]
[SourceDate "1997.04.01"]
[SourceVersion "1"]
[SourceVersionDate "1997.04.01"]
[SourceQuality "1"]

1. c4 {Tsesarsky} Nf6 2. Nc3 c5 3. Nf3 e6 4. g3 Nc6 5. Bg2 d5 6. cxd5 Nxd5 7.
O-O Be7 8. d4 O-O 9. Nxd5 exd5 10. dxc5 Bxc5 11. Bg5 Qd7 {Bu hamle
Novosibirskli GM Vadim Ruban a ait.Nedense daha dogal olan 11...Vb6 ya bu
hamleyi tercih ediyorum.} 12. Ne1 {Bu hamleden sonra IM Kalinin beraberlik
teklif etti.Beyazlarla bir oyuncunun 12 hamle sonrasi bu teklifi yapmasi
oldukca ilginc.} (12. Qd3 {Tsesarsky} Re8 13. Rfd1 Bb6 14. Bf4 h6 15. Qb5 (15.
Rac1 $14) 15... Qe7 16. Qxd5 Qxe2 17. Rd2 Qe7 $11 {1/2-1/2 Psakhis,L-Greenfeld,
A/ISR-chT (Herzliya-Beer1) 1996 (22)}) (12. a3 {Tsesarsky} h6 13. b4 $5 {N} (
13. Bf4 {- 47/(513)}) 13... Bb6 $1 (13... Bxf2+ $2 14. Rxf2 hxg5 15. Nxg5) (
13... Bxb4 $6 14. Bxh6 $1 Bc3 15. Rc1 Bb2 16. Rc2 Bxa3 17. Bxg7 $16) 14. Bc1 $5
d4 (14... Rd8 $5 {/\ Qe7, Bf5}) 15. Ra2 Qd5 $1 (15... a5 $6 16. b5 Ne7 17. Rd2
$1 $16) 16. Rd2 Qc4 $1 17. Bb2 Rd8 18. Qa1 (18. Qc1 Be6 $1 $10) 18... a5 $1 $8
{= Budnikov,A-Ruban,V/St.Petersburg (zt) 1993} (18... Bg4 $6 19. Rc1 Qb5 20.
Nxd4 Nxd4 21. Bxd4 Bxe2 22. Qb2 $16) (18... a5 $1 $8 19. Rc1 Qa6 $1 20. b5 $1
Qxb5 21. Nxd4 $10)) 12... d4 (12... h6 {Tsesarsky} 13. Bd2 Bb6 14. Nd3 Qd6 15.
Bf4 Qf6 $1 16. Bxd5 Bg4 17. Kh1 (17. Bxc6 $2 bxc6 (17... Qxc6 18. Ne5 $16) 18.
Re1 $2 (18. Be5 Qf5 19. Rc1 (19. Re1 Rad8 20. Bf4 Qe4 $1 {[%cal Gg4h3]} 21. Bd2
Rxd3 22. exd3 Bxf2+ 23. Kxf2 Qd4+ 24. Be3 Qf6+ 25. Kg1 Bxd1 $19) 19... Rfe8 20.
Rc4 Rad8 21. Rf4 Qh5 22. Re4 Rxd3 23. Qxd3 Rxe5 $19) (18. Qd2 Rfe8 19. Be3 Bxe3
(19... Rxe3 20. fxe3 Qe6 21. Nf2 (21. Kf2 Re8 22. Ke1 Bxe3 23. Qc2 Bxe2 $19)
21... Rd8 22. Qc2 Qxe3 $17) 20. fxe3 Qg5 21. Rf4 Rad8 $11) 18... Rfe8 19. Rc1
Rad8 20. Qc2 g5 21. Be3 Rxe3 22. fxe3 Bxe3+ 23. Kg2 Bf5 24. h3 Bxc1 25. Rxc1
Qe6 $19) 17... Rad8 18. Bg2 (18. Bxc6 Qxc6+ 19. f3 Bh3 20. Re1 Bf2 21. Nxf2
Rxd1 22. Rexd1 Be6 $15) 18... Nb4 19. Qb3 Nxd3 20. exd3 Be2 21. Rfe1 Bxd3 22.
Be3 Bxe3 23. Rxe3 Ba6 24. Rf3 Qg6 25. Re1 Rd2 26. Rf4 Re2 27. Rc1 Qe6 28. Qc3
$2 (28. Qxe6 $2 fxe6 29. Rxf8+ Kxf8 $17) (28. Bf1 $1 Qxb3 29. axb3 Rxb2 30.
Bxa6 bxa6 31. Ra1 $11) 28... Qxa2 29. Rg4 Qxb2 {0-1 Schmidt,W-Greenfeld,A/
Moscow olm POL-ISR 1994}) 13. Nd3 Bb6 14. Bf3 (14. Bd2 {Tsesarsky} Qe7 15. Nf4
Be6 16. Qa4 Rac8 17. Rac1 Rfd8 18. Rfe1 h6 19. a3 (19. b4 $14) 19... Qd7 20.
Nxe6 Qxe6 21. Qc4 $14 {Kramnik Vladimir-Anand Viswanathan/It 1995/1/2-1/2 (51)}
) 14... Qf5 15. Bd2 (15. Bf4 {Tsesarsky}) 15... Rd8 16. a4 $1 {Bu beyazlarin
tek sansi.16.a5 tehdidi siyahlarin alan avantajini kaybetmesine yol aciyor.} (
16. Rc1 $14 {Tsesarsky}) 16... Be6 17. Nf4 a5 $1 (17... Ne5 $2 18. Bxb7 Rab8
19. Bf3 (19. Nxe6 Qxe6 20. Bf3 d3 (20... Nc4 21. Bf4)) 19... Nc4 20. Nd3 {
ve beyazlar her seyi korurlar.}) 18. Nxe6 (18. Rc1 {Tsesarsky} Rac8) 18... Qxe6
19. Bf4 h6 20. h4 Rac8 21. Rc1 {[#]} Ne5 $1 {Bu hamle oynanmazsa siyahlar 2
filden dolayi zorlanirlar.} 22. Bxe5 (22. Bxb7 Rxc1 23. Qxc1 d3 24. Ba6 (24.
exd3 Nxd3 $17) 24... d2 $3 (24... Bxf2+ 25. Rxf2 Qxa6 26. Qc7 (26. Bxe5 dxe2))
25. Bxd2 (25. Qd1 Nc4 (25... Qf6 $44 {[%cal Ge5g4,Gg7g5] Tsesarsky}) 26. Qc2
Bxf2+ 27. Kxf2 Qxa6 28. b3 Qb6+) (25. Qc2 Ng4 26. Bd3 Bxf2+ 27. Rxf2 Qb6 28. e3
Nxe3 29. Qxd2 Ng4 30. Bc7 Qxc7 $17) 25... Qh3 $19) 22... Rxc1 23. Qxc1 Qxe5 24.
Kg2 (24. Rd1 {Tsesarsky} d3 {[%csl Rg3]} 25. e3 $11) 24... Qe7 $1 $11 25. Qc4 (
25. Qd2 {Tsesarsky} Rc8 $11) 25... Bc5 26. Rd1 b6 {Why not draw here?} 27. Rd3
Rd6 28. Qa6 g5 {Siyahlardan son bir amacsiz caba.} 29. Qc8+ Kg7 30. Qg4 Re6 31.
Rd1 Re5 32. hxg5 Qxg5 33. Qxg5+ hxg5 34. g4 f5 35. gxf5 Rxf5 36. Rd3 Rf4 37.
Bc6 Kf6 38. Rf3 Ke5 39. Rxf4 gxf4 1/2-1/2

[Event "Tan Chin Nam Cup 4th"]
[Site "Beijing"]
[Date "1998.06.11"]
[Round "4"]
[White "Onischuk, Alexander"]
[Black "Liang, Chong"]
[Result "1-0"]
[WhiteElo "2610"]
[BlackElo "2405"]
[Annotator "Bangiev,A"]
[PlyCount "77"]
[EventDate "1998.06.08"]
[EventType "tourn"]
[EventRounds "11"]
[EventCountry "CHN"]
[EventCategory "12"]
[SourceTitle "CBM 066"]
[Source "ChessBase"]
[SourceDate "1998.09.30"]
[SourceVersion "1"]
[SourceVersionDate "1998.09.30"]
[SourceQuality "1"]

1. e4 c6 2. c4 d5 3. exd5 cxd5 4. cxd5 Nf6 5. Nc3 Nxd5 (5... g6 {/\Bg7,0-0
->Pd5[+]}) 6. Nf3 e6 7. Bc4 $5 Be7 (7... Nxc3 $5 8. bxc3 Qc7 $5 9. Qe2 Nc6 10.
O-O Bd6 11. d4 O-O 12. Re1 Ne7 13. h4 Nd5 14. Bd2 b6 15. Bd3 Bb7 $13 {0-1
Morozevich,A- Volkov,S/Moscow-chJ 1993/(35)}) 8. O-O O-O 9. d4 Nxc3 10. bxc3
Qc7 11. Bd3 $146 (11. Qe2 Nd7 (11... b6 12. Bd2 Bb7 13. Ne5 Bd6 14. f4 Re8 15.
Bd3 Nc6 16. Rae1 Rad8 17. Qf2 Bf8 18. Re3 f5 19. Qe2 Nxe5 20. Rxe5 Qf7 21. Re1
Rd5 22. Bxf5 Rxe5 23. Qxe5 Bd5 24. Bh3 g6 25. Qe2 Bxa2 26. c4 e5 27. d5 Qc7 28.
Be6+ Kh8 29. Bc3 {1-0 Schmittdiel,E-Kurr,G/NRW-ch Neuss 1986}) 12. Bd2 (12. Bb2
b6 13. Bd3 Bb7 14. c4 Rfe8 15. Qe3 Bxf3 16. Qxf3 Bf6 17. Rfe1 Rad8 18. Rad1 Nc5
19. Bc2 Nb7 20. Ba4 Rf8 21. Ba3 Be7 22. Bxe7 Qxe7 23. Bb5 Qc7 24. Ba6 Rd7 25.
Bxb7 Qxb7 26. d5 Rfd8 27. h4 h6 28. Rd4 Rd6 29. h5 Qd7 30. Qg3 exd5 31. Red1
Qf5 32. Qh4 R6d7 33. cxd5 Rxd5 34. Qxd8+ Rxd8 35. Rxd8+ Kh7 36. R8d5 Qc2 {
Alterman,B-Khlian,E/Rostov op 1993/1/2-1/2 (46)}) 12... Nf6 13. Ne5 Bd7 14.
Rfe1 Rfd8 15. Rab1 Be8 16. Qf3 Bc6 17. Qh3 Be4 18. Bxe6 Bxb1 19. Nxf7 Kf8 20.
Rxb1 Re8 21. Ng5 Bd6 22. Bb3 h6 23. Ne6+ Rxe6 24. Qxe6 Bxh2+ 25. Kh1 Re8 26.
Qf5 Re4 27. Bxh6 Rh4 28. Qxf6+ {1-0 Bilek,M-Holfelder,J/BL8081 1981}) 11...
Qxc3 12. Bg5 Nc6 (12... f6 13. Rc1 Qa3 14. Qe2 Nc6 15. Bd2 Bd7 16. Bc4 Qd6 17.
Rfe1 Rfd8 18. Bc3 Rac8 19. Qe4 $13) (12... Bxg5 13. Bxh7+ $5 Kxh7 14. Nxg5+ Kg8
(14... Kg6 15. Qg4 (15. Ne4 Qa5 16. Qg4+ Kh7 $17) 15... f5 (15... Qa3 16. Ne4+
Kh7 17. Rae1 Nd7 18. Re3 Qe7 19. Ng5+ $18) 16. Qh4 Nc6 17. Rad1 Rd8 18. Qh7+
Kf6 19. Nf3 $13 Kf7 $6 20. Rc1 Qa3 $6 21. Rxc6 $1 bxc6 22. Ne5+ Ke7 23. Qxg7+
$18) 15. Rc1 (15. Qh5 $2 Qd3) 15... Qa3 $8 16. Qh5 Qd3 17. Rxc8 Rxc8 18. Qxf7+
Kh8 19. Nxe6 (19. Qh5+ Kg8 20. Qf7+ $11) (19. Qxe6 Rf8 20. Nf7+ Kh7 21. Ng5+
$11) 19... Rg8 (19... Qh7 20. Nc7 Rxc7 21. Qxc7 (21. Qe8+ Qg8 22. Qh5+ $11)
21... Qe4 22. Qc8+ Kh7 23. Rc1 $13) 20. Nc5 Qd2 21. Qxb7) 13. Rc1 Qa3 14. Re1
g6 15. Bb5 $1 Bxg5 16. Nxg5 Qa5 17. Qd3 a6 18. Bxc6 Qxg5 (18... bxc6 19. Qg3
$36) 19. Bf3 Rb8 20. Rc7 Qa5 21. Rec1 Qxa2 22. Qe3 Qb2 23. h4 Qb5 24. R1c5 Qb1+
25. Kh2 e5 $6 (25... b6 26. Rg5 (26. Be4 Qb4) (26. Rc1 Qf5) (26. Rc2 $5 $36)
26... f6 27. Be4 Qb4 28. Bxg6 Qd6+ 29. Qg3 Qxg3+ 30. Rxg3 hxg6 31. Rxg6+ Kh8
32. Rgg7 Rd8 33. Rh7+ Kg8 $11) 26. Qxe5 Qf5 27. Qd6 Qe6 28. Qf4 b6 29. Bd5 bxc5
(29... Qe8 30. R5c6 Bd7 31. Rf6 a5 32. h5 $40) 30. Bxe6 Bxe6 31. dxc5 $18 Rbc8
32. h5 Rxc7 33. Qxc7 Rc8 34. Qe5 gxh5 35. f4 Bc4 36. f5 Bb5 37. f6 Bc4 38. Qg3+
Kf8 39. c6 1-0

[Event "YUG-chT"]
[Site "Cetinje"]
[Date "1993.??.??"]
[Round "3"]
[White "Blagojevic, Dragisa"]
[Black "Ruban, Vadim"]
[Result "0-1"]
[WhiteElo "2510"]
[BlackElo "2595"]
[Annotator "Belov,I"]
[PlyCount "78"]
[EventDate "1993.??.??"]
[EventType "team"]
[EventRounds "11"]
[EventCountry "YUG"]
[SourceTitle "CBM 038"]
[Source "ChessBase"]
[SourceDate "1994.02.01"]
[SourceVersion "1"]
[SourceVersionDate "1994.02.01"]
[SourceQuality "1"]

1. d4 Nf6 2. c4 e6 3. Nf3 d5 4. Nc3 c5 5. cxd5 Nxd5 6. g3 Nxc3 $5 $146 (6...
Nc6 7. Bg2 cxd4 $1 8. Nxd4 Nxc3 9. bxc3 Nxd4 10. Qxd4 Qxd4 11. cxd4 Bd6 12. Rb1
Rb8 13. Bf4 Ke7 14. Bxd6+ Kxd6 15. Rb3 b6 16. Ra3 Bb7 $10 {Groszpeter,A-Karoly,
T Magyarorszag 1986 Inf 41/481/}) (6... cxd4 7. Nxd5 Qxd5 8. Qxd4 Qb5 $1 9. e4
Qb4+ 10. Qxb4 Bxb4+ 11. Bd2 Bxd2+ 12. Kxd2 Nc6 13. Kc3 Ke7 14. Rc1 Bd7 $10 {
Benko,P-Korchnoi,V Gurasao 1962/}) 7. bxc3 cxd4 8. cxd4 Bb4+ 9. Bd2 Bxd2+ 10.
Qxd2 b6 $5 (10... O-O 11. Bg2 Nc6 12. O-O Qd6 13. Rac1 Rd8 14. Rfd1 Bd7 15. e4
$16) 11. Bg2 Bb7 12. O-O O-O 13. Rfc1 $6 (13. Rfe1 $5 Nd7 14. e4 Nf6 15. Ne5
$14) (13. Rfe1 Be4 14. Qf4 f5 15. Ng5 Bxg2 16. Kxg2 Qd7 17. e4 $14) 13... Nd7
14. Rc2 (14. a4 $5 Nf6 15. Ne5 Bxg2 16. Kxg2 Qd5+ 17. f3 Rfc8 $10) 14... Be4 $1
15. Ng5 Bxc2 (15... Bxg2 16. Kxg2 Nf6 17. f3 h6 18. Nh3 $14) 16. Bxa8 Qxa8 17.
Qxc2 Nf6 18. Rc1 h6 19. Nf3 Qd5 20. Qc4 $6 (20. Qb3 Qxb3 21. axb3 a5 $10) 20...
b5 $1 21. Qc2 (21. Qxd5 Nxd5 22. Ne5 b4 23. Kf1 a5 24. Ke1 $15) 21... Ne4 22.
a3 $6 a5 23. Qb2 Rd8 24. Rc7 Rd7 25. Rc8+ Kh7 26. Qc2 f5 27. Rb8 (27. Qb2 Nd6
28. Rb8 Rb7 29. Rd8 Nc4 30. Rxd5 Nxb2) 27... Rd8 28. Rxd8 Qxd8 29. Qc6 (29. Qb2
Qd5 30. Ne1 Qc4 31. Nd3 Nc3 32. Kf1 Na4 $17) 29... Qd5 30. Qe8 $6 (30. Qxd5
exd5 31. Kf1 Kg6 (31... b4 $6 32. axb4 a4 33. Ne1 Nd2+ 34. Kg2 a3 35. Nc2 a2
36. b5 $13) (31... a4 32. Ne1 $13)) 30... b4 31. axb4 axb4 32. Ne5 Nd6 33. Qb8
b3 34. Nd7 Qb5 35. Nf8+ Kg8 36. Qxd6 (36. Qd8 b2 37. Nd7+ Kf7 38. Ne5+ Qxe5 $19
) 36... b2 37. Nxe6 b1=Q+ 38. Kg2 Qe4+ 39. Kh3 Qe8 0-1